Looney tunes, back in action joke book / (Record no. 4352)

MARC details
000 -LEADER
fixed length control field 01612cam a2200337 a 4500
001 - CONTROL NUMBER
control field 4352
003 - CONTROL NUMBER IDENTIFIER
control field FISKH
005 - DATE AND TIME OF LATEST TRANSACTION
control field 20240731161802.0
008 - FIXED-LENGTH DATA ELEMENTS--GENERAL INFORMATION
fixed length control field 040223s2003 nyua 000 0 eng d
010 ## - LIBRARY OF CONGRESS CONTROL NUMBER
LC control number 2004269560
020 ## - INTERNATIONAL STANDARD BOOK NUMBER
International Standard Book Number 0439521386 (pbk.)
020 ## - INTERNATIONAL STANDARD BOOK NUMBER
International Standard Book Number 078073005994
035 ## - SYSTEM CONTROL NUMBER
System control number (OCoLC)ocm53177992
040 ## - CATALOGING SOURCE
Original cataloging agency OCO
Transcribing agency OCO
Modifying agency DLC
Language of cataloging eng
050 ## - LIBRARY OF CONGRESS CALL NUMBER
Classification number PZ7
082 ## - DEWEY DECIMAL CLASSIFICATION NUMBER
Classification number 570
100 1# - MAIN ENTRY--PERSONAL NAME
Personal name Markas, Jenny
245 10 - TITLE STATEMENT
Title Looney tunes, back in action joke book /
Statement of responsibility, etc. by Jenny Markas
260 ## - PUBLICATION, DISTRIBUTION, ETC.
Place of publication, distribution, etc. New York :
Name of publisher, distributor, etc. Scholastic,
Date of publication, distribution, etc. 2003.
300 ## - PHYSICAL DESCRIPTION
Extent 44 pages :
Other physical details color illustrations ;
Dimensions 26 cm
500 ## - GENERAL NOTE
General note "Over 200 jokes based on the hit movie!"--Cover.
505 ## - FORMATTED CONTENTS NOTE
Formatted contents note P<br/>
520 ## - SUMMARY, ETC.
Summary, etc. What's up, doc? How about the "looniest" spy adventure in Hollywood history! Bugs, Daffy, Tweety, and their buds star with Brendan Fraser and Jenna Elfman in Warner Bros's sure-fire hit for holiday 03 Bugs Bunny and Daffy Duck are teaming up with old friends and new on a wacky mission to find the mystical Blue Diamond and keep it from falling into the evil clutches of the ACME Corporation. With ACME henchmen like Yosemite Sam, Marvin The Martian, and the Tasmanian Devil on their tail(s), count on chills, spills, and side-splitting thrills for the whole family! The junior novelization is an early chapter book and includes 8 pages of color photos from the movie.
521 8# - TARGET AUDIENCE NOTE
Target audience note 650<br/>
Source Lexile estimate<br/>
521 8# - TARGET AUDIENCE NOTE
Target audience note P<br/>
Source Raz-Plus<br/>
650 #0 - SUBJECT ADDED ENTRY--TOPICAL TERM
Topical term or geographic name entry element Wit and humor, Juvenile.
650 #0 - SUBJECT ADDED ENTRY--TOPICAL TERM
Topical term or geographic name entry element Riddles, Juvenile.
906 ## - LOCAL DATA ELEMENT F, LDF (RLIN)
a 7
b cbc
c copycat
d 2
e ncip
f 20
g y-gencatlg
942 ## - ADDED ENTRY ELEMENTS (KOHA)
Source of classification or shelving scheme Dewey Decimal Classification
Koha item type Books
Suppress in OPAC No
Holdings
Withdrawn status Lost status Source of classification or shelving scheme Damaged status Not for loan Collection Home library Current library Shelving location Date acquired Total Checkouts Full call number Barcode Date last seen Price effective from Koha item type
    Dewey Decimal Classification     Juvenile Fiction Footprints International School Library Network Toul Kork Campus Footprints International School Library Network Toul Kork Campus TK Primary Library Room(4th Floor), Bookcase 5&6, Shelves 33-56, Orange Books 07/31/2024   MAR 570 PZ7 FISTK02236 07/31/2024 07/31/2024 Books